Las formas del fuego (Registro nro. 301852)
[ vista simple ]
| 000 -ENCABEZADO | |
|---|---|
| Número de control [NR] | 01413nam a22002417a 4500 |
| 005 - FECHA Y HORA DE LA ÚLTIMA TRANSACCIÓN | |
| control field | 20151126083806.0 |
| 008 - DE LONGITUD FIJA DE DATOS DE ELEMENTOS - INFORMACIÓN GENERAL | |
| Elementos de longitud fija [NR] | 151014s1929 ve ||||fr|||| 001 p spa d |
| 040 ## - FUENTE DE CATALOGACION [NR] | |
| Quien Cataloga | Sandra Yazo |
| Quien Clasifica | Sandra Yazo |
| 041 0# - CODIGO DE IDIOMA [R] | |
| Código de idioma para texto/pista de sonido o título separado [R] | Español |
| 082 04 - NUMERO DE CLASIFICACION DECIMAL DEWEY [R] | |
| Número de la edición [NR] | 20 |
| Número de clasificación [R] | 861.6 |
| 092 ## - SIGNATURA TOPOGRAFICA LOCAL | |
| Número de clasificación local | E37N119 |
| 100 1# - ASIENTO PRINCIPAL--NOMBRE PERSONAL [NR] | |
| Nombre personal [NR] | Ramos Sucre, José António |
| Fechas asociadas con el nombre [NR] | 1890-1930 |
| ID Autoridad | 72335 |
| 245 14 - MENCION DE TITULO [NR] | |
| Título [NR] | Las formas del fuego |
| Mención de responsabilidad, etc. [NR] | José Antonio Ramos Sucre |
| 260 ## - PUBLICACION, DISTRIBUCION, ETC. (PIE DE IMPRENTA) [R] | |
| Lugar de publicación, distribución, etc. [R] | Caracas (Venezuela) |
| Nombre del editor, distribuidor, etc. [R] | Tipofrafía americana |
| Fecha de publicación, distribución, etc. [R] | 1929 |
| 300 ## - DESCRIPCION FISICA [R] | |
| Extensión [R] | 159, vii páginas |
| Dimensiones [R] | 20 x 12 cm. |
| 500 ## - NOTA GENERAL [R] | |
| Nota general [NR] | Detalles físicos: Encuadernación flexible en cartulina. Tapa delantera con datos de publicación impresos y enmarcados en un doble recuadro. Lomo con rotura. Portada impresa en una sola tinta. Texto impreso en una sola columna. Ejemplar en buen estado de conservación. Algunas hendiduras y deformación de plano |
| 505 1# - NOTA DE CONTENIDO CON FORMATO PREESTABLECIDO [R] | |
| Nota de contenido con formato preestablecido [NR] | Las ruinas ; El rito ; La isla de las Madréporas ; Acíbar ; El talismán ; El mandarín ; El castigo ; El emigrado ; Spleen ; El guía ; El real de los Cartagineses ; Farándula ; La amada ; La noche ; La sala de los muebles de laca ; La plaga ; El retórico ; La venganza de Viviana ; El nómade ; La entrevista ; fragmentos apócrifo de Pausanías |
| 506 ## - NOTA DE RESTRICCIONES DE ACCESO [R] | |
| Condiciones de acceso [NR] | Consulta en sala |
| 650 #7 - ASIENTO SECUNDARIO DE MATERIA - TERMINO TEMATICO [R] | |
| 9 (RLIN) | 21862 |
| Término temático o nombre geográfico como elemento de entrada [NR] | Poesía venezolana |
| 650 #7 - ASIENTO SECUNDARIO DE MATERIA - TERMINO TEMATICO [R] | |
| 9 (RLIN) | 18755 |
| Término temático o nombre geográfico como elemento de entrada [NR] | Literatura venezolana |
| 690 ## - ASUNTO AGREGADO LOCAL DE ENTRADA - TÉRMINO TEMÁTICO (OCLC, RLIN) | |
| 9 (RLIN) | 42866 |
| Acceso temático local | Literatura latinoamericana |
| 942 ## - ELEMENTOS DE ENTRADA AGREGADOS (KOHA) | |
| Sistema de clasificación | LOCAL |
| Tipo de ítem principal el descrito en 300a | Libro |
| Edición | 1 |
| Clasificación | E37N119 |
| Suprimido | Perdido | Sistema de clasificación | Dañado | No prestable | Tipo de ítem específico | Ubicación habitual | Ubicación actual | Localización | Fecha de creación | Forma de adquisición | Costo | Total préstamos | Signatura topográfica | Código de barras | Última vez visto | Ejemplar | Price effective from | Tipo de ítem |
|---|---|---|---|---|---|---|---|---|---|---|---|---|---|---|---|---|---|---|
| LOCAL | Libro archivo | Archivo Histórico | Archivo Histórico | Archivo histórico | 14/10/2015 | Donación | 0.00 | E37N119 | L005215 | 14/10/2015 | Ej.1 | 14/10/2015 | Libro |